000 01530cam a2200385 a 4500
001 97495
005 20230410143536.0
008 880422s1988 maua 001 0 eng
010 _a 88011270
035 _a(OCoLC)ocm17917341
040 _aDLC
_cDLC
_dKWS
_dWRS
_dUBA
_dCVM
_dBTCTA
_dYDXCP
_dTBS
_dKAAUA
020 _a0395428572
020 _a9780395428573
020 _a0590429892
020 _a9780590429894
050 1 4 _aT 47
_bM117w 1988
082 0 0 _a600
049 _aGRAL
100 1 _aMacaulay, David.
245 1 4 _aThe way things work /
_cDavid Macaulay.
260 _aBoston, MA :
_bHoughton Mifflin Company,
_c1988.
300 _a384 p. :
_bcol. ill. ;
_c29 cm.
500 _aIncludes index.
520 _aText and numerous detailed illustrations introduce and explain the scientific principles and workings of hundreds of machines including a lawn sprinkler, pneumatic drill, electric guitar, and a smoke detector.
505 0 _aThe mechanics of movement -- Harnessing the elements -- Working with waves -- Electricity and automation.
650 0 _aTechnology
_vPopular works.
650 0 _aTechnology.
650 4 _aTecnologĂ­a.
856 4 2 _3Publisher description
_uhttp://catdir.loc.gov/catdir/enhancements/fy0728/88011270-d.html
856 4 2 _3Contributor biographical information
_uhttp://catdir.loc.gov/catdir/enhancements/fy0736/88011270-b.html
938 _aBaker and Taylor
_bBTCP
_n88011270
938 _aYBP Library Services
_bYANK
_n502899
942 _2lcc
_cbk
994 _aC0
_bDRFGD
999 _c103590
_d103590